HOW TO READ A PERSON LIKE A BOOK A COMPR (Record no. 23688)

MARC details
000 -LEADER
fixed length control field 00361nam a2200133Ia 4500
008 - FIXED-LENGTH DATA ELEMENTS--GENERAL INFORMATION
fixed length control field 240624s9999 xx 000 0 und d
041 ## - LANGUAGE CODE
Language code of text/sound track or separate title eng
082 ## - DEWEY DECIMAL CLASSIFICATION NUMBER
Classification number 828 NIE
100 ## - MAIN ENTRY--PERSONAL NAME
Personal name NIERENBERG GERALDI I
245 ## - TITLE STATEMENT
Title HOW TO READ A PERSON LIKE A BOOK A COMPR
260 ## - PUBLICATION, DISTRIBUTION, ETC.
Date of publication, distribution, etc. 2012
Place of publication, distribution, etc. New Delhi
Name of publisher, distributor, etc. Three ESS Publications
300 ## - PHYSICAL DESCRIPTION
Extent 200 : p. : cm. ; 23
365 ## - TRADE PRICE
Currency code RS
Price amount 25
Holdings
Withdrawn status Lost status Damaged status Not for loan Home library Current library Shelving location Date acquired Source of acquisition Cost, normal purchase price Total Checkouts Total Renewals Full call number Barcode Date due Date last seen Date last checked out Copy number Price effective from Koha item type
        IMTN IMTN Rack 42-A 11/05/2014 VBC 150.00 3 1 828 NIE 23688 01/19/2026 01/09/2026 01/09/2026 1 06/24/2024 Books
Designed & Maintained by: LRC IMT Nagpur Contact: lrc@imtnag.ac.in© 2024. All Rights Reserved.